Hviezdne žiarenie veľká audiovizuálna kompozícia : Divadlo SNP Martin dňa 5. apríla 1997

Bibliographic Details
Format: Photo
Language:Slovak
PhysicalDescription:1 plagát 89 x 59 cm
Published: Martin Nový život Turca 1997
ISBN:8096787934
Subjects:

MARC

LEADER 00000ckm a2200000 a 4500
001 vtls001356071
003 SK-MaSNL
005 20260426004448.0
007 kf ou
008 240409s1997 xo gr 0k slo
015 |a SNBG2000/04-01694 
020 |a 8096787934 
035 |a SNK000309543 
035 |a urn:nbn:sk:snk-km002ozu 
035 |a 821C6BA7-7351-40D2-B1BE-B5F2D23E7156 
035 |a urn:nbn:sk:snk-kmtft6 
040 |a SNK  |b slo  |c SNK  |e AACR2 
041 0 |a slo 
044 |a xo  |c SK 
080 |a 7.091.4:78:885.4-3  |2 1981 
080 |a 78  |2 1981 
080 |a 885.4-3  |2 1981 
080 |a (084.5)  |2 1981 
245 0 0 |a Hviezdne žiarenie  |h grafika  |b veľká audiovizuálna kompozícia : Divadlo SNP Martin dňa 5. apríla 1997 
260 |a Martin  |b Nový život Turca  |c 1997 
300 |a 1 plagát  |c 89 x 59 cm 
648 7 |a 1997  |2 SNKPH  |9 283446 
650 0 7 |a audiovizuálne diela  |2 SNKPH  |9 158565 
651 7 |a Martin (Slovensko)  |2 SNKPH  |9 16875 
655 7 |a plagáty spoločenských akcií  |2 SNKPH  |9 70743 
710 2 |a Divadlo Slovenského národného povstania  |4 orm  |9 232430 
852 |a Slovenská národná knižnica 
919 |a 80-967879-3-4 
958 |a CP 
958 |a GBN 
958 |a OND 
999 |c 978539  |d 980469 
952 |t P60, <03>, [BOOK], {603}  |a SNK  |b SNK  |y PREZ  |7 0  |p 17A1162184  |o snkLPA 43303  |i snkPL 23/99  |0 0  |1 0  |4 0  |d 1999-02-24  |f 1  |l 0  |r 2005-01-02 00:00:00  |w 2026-02-24